000 00733nam a22001937a 4500
999 _c196461
_d196461
005 20230627143047.0
010 _aB-751116-134 CHHN 25.5.23
020 _a9788129136978
_c395.00
035 _aB-751116-134
037 _bPansy Books
082 _a954
100 _aGupta, Subhadra Sen
245 _aA Children's History Of India/
_cSubhadra Sen Gupta
260 _aNew Delhi
_bRupa Publication
_c2015
270 _a7/16, Ansari Road, Daryaganj
_bNew Delhi
_e110002
300 _a443p.:
_c22cm.(pbk)
942 _2ddc
_cCH
_mGUP
_h954